[Event "IECG WC.2003.T.00006 email"]
[Site "IECG email"]
[Date "2002.08.04"]
[Round "?"]
[White "Bocanegra Moreno, Rufino"]
[Black "Kampel, Guido"]
[Result "1-0"]
[WhiteElo "2489"]
[BlackElo "2452"]
[PlyCount "81"]
[EventDate "2002.08.04"]
[EventType "tourn (corr)"]
[EventRounds "10"]
[SourceTitle "Corr 2008"]
[Source "ChessBase"]
[SourceDate "2008.06.24"]
[SourceVersion "1"]
[SourceVersionDate "2008.06.24"]
[SourceQuality "1"]

1. d4 g6 2. e4 Bg7 3. Nc3 d6 4. Be3 a6 5. Qd2 b5 6. h4 h5 7. Nf3 Nf6 8. Ng5 Ng4 9. Bf4 Nc6 10. f3 e5 11. dxe5 dxe5 12. Qxd8+ Nxd8 13. Nd5 Ra7 14. Bd2 Nf6 15. Be3 Rb7 16. a4 c6 17. Nb6 Be6 18. c4 bxc4 19. Bxc4 Bxc4 20. Nxc4 Bf8 21. Nxe5 Rxb2 22. 0-0-0 Rb8 23. Rxd8+ Rxd8 24. Nexf7 Ba3+ 25. Kc2 Ke7 26. Rb1 Nd7 27. Rb3 Bd6 28. Rb7 Rb8 29. Ra7 Rhc8 30. Nxd6 Kxd6 31. Bf4+ Ke7 32. Bxb8 Rxb8 33. Rxa6 Kd6 34. Ra7 Rb4 35. Nf7+ Ke6 36. Nd8+ Kd6 37. Kc3 Rb1 38. f4 Nc5 39. e5+ Kd5 40. e6 Rb3+ 41. Kc2 1-0

[Event "IECG WC.2003.T.00006 email"]
[Site "IECG email"]
[Date "2002.08.04"]
[Round "?"]
[White "Kampel, Guido"]
[Black "Steele, Scott"]
[Result "1-0"]
[WhiteElo "2452"]
[BlackElo "2145"]
[PlyCount "43"]
[EventDate "2002.08.04"]
[EventType "tourn (corr)"]
[EventRounds "10"]
[SourceTitle "Corr 2008"]
[Source "ChessBase"]
[SourceDate "2008.06.24"]
[SourceVersion "1"]
[SourceVersionDate "2008.06.24"]
[SourceQuality "1"]

1. e4 e5 2. Nf3 Nc6 3. d4 exd4 4. Nxd4 Nf6 5. Nxc6 bxc6 6. e5 Qe7 7. Qe2 Nd5 8. c4 Nb6 9. Nc3 a5 10. Qe4 g6 11. Bd3 Bg7 12. f4 Ba6 13. b3 0-0 14. Bb2 Qb4 15. 0-0 d5 16. Qf3 dxc4 17. Be4 cxb3 18. Rf2 Bb7 19. axb3 Qxb3 20. Bb1 Kh8 21. Ba2 Qb5 22. Nxb5 1-0

[Event "IECG WC.2004.S.00009 email"]
[Site "IECG email"]
[Date "2002.05.08"]
[Round "?"]
[White "Kampel, Guido"]
[Black "Stillerud, Lennart"]
[Result "1/2-1/2"]
[WhiteElo "2392"]
[BlackElo "2324"]
[PlyCount "66"]
[EventDate "2002.05.08"]
[EventType "tourn (corr)"]
[EventRounds "8"]
[SourceTitle "Corr 2008"]
[Source "ChessBase"]
[SourceDate "2008.06.24"]
[SourceVersion "1"]
[SourceVersionDate "2008.06.24"]
[SourceQuality "1"]

1. Nf3 c5 2. e4 e6 3. d4 cxd4 4. Nxd4 Qb6 5. Nb3 Qc7 6. Nc3 a6 7. Bd3 b5 8. Be3 Nf6 9. f4 Bb7 10. 0-0 d6 11. Qf3 Nbd7 12. a3 Be7 13. Rae1 0-0 14. Qg3 Rfd8 15. Kh1 d5 16. Bd4 dxe4 17. Nxe4 Bd5 18. Nbd2 Rac8 19. Be5 Qb6 20. Nxf6+ Bxf6 21. Ne4 Bxe4 22. Bxe4 g6 23. Bxf6 Nxf6 24. Bd3 Qd4 25. f5 Nh5 26. Qf3 exf5 27. Bxf5 gxf5 28. Qxh5 Qg4 29. Qxg4+ fxg4 30. Rf2 Kg7 31. g3 Re8 32. Ref1 Rc7 33. Kg2 Re6 1/2-1/2

[Event "IECG WC.2004.S.00009 email"]
[Site "IECG email"]
[Date "2002.05.08"]
[Round "?"]
[White "Seipel, Andreas"]
[Black "Kampel, Guido"]
[Result "1/2-1/2"]
[WhiteElo "2215"]
[BlackElo "2392"]
[PlyCount "79"]
[EventDate "2002.05.08"]
[EventType "tourn (corr)"]
[EventRounds "8"]
[SourceTitle "Corr 2008"]
[Source "ChessBase"]
[SourceDate "2008.06.24"]
[SourceVersion "1"]
[SourceVersionDate "2008.06.24"]
[SourceQuality "1"]

1. d4 g6 2. e4 Bg7 3. Nc3 d6 4. Be3 a6 5. Qd2 b5 6. a4 b4 7. Nd1 Nf6 8. f3 a5 9. c3 bxc3 10. bxc3 0-0 11. Bd3 Nbd7 12. Ne2 Nb6 13. 0-0 Ba6 14. Nb2 c6 15. Bxa6 Rxa6 16. Rab1 Qc7 17. c4 c5 18. dxc5 dxc5 19. Rfd1 Qc6 20. Nc3 Nfd7 21. Qc2 Rb8 22. Nb5 Nf8 23. Bg5 Rb7 24. Bd2 Ne6 25. Bc3 Rd7 26. Rxd7 Nxd7 27. Bxg7 Kxg7 28. Rd1 Ra8 29. Qd2 Nb6 30. Qc3+ Kg8 31. e5 Nd7 32. Qe1 Nb8 33. Nd3 Na6 34. Nf2 Nb4 35. Ne4 Rd8 36. Rxd8+ Nxd8 37. Qd2 Ne6 38. Nec3 Kg7 39. f4 Qb7 40. h3 1/2-1/2

[Event "IECG QM.2001.0.00036"]
[Site "IECG email"]
[Date "2001.07.28"]
[Round "?"]
[White "Martin, Milan"]
[Black "Kampel, Guido"]
[Result "0-1"]
[WhiteElo "2320"]
[BlackElo "2316"]
[PlyCount "90"]
[EventDate "2001.07.28"]
[EventType "tourn (corr)"]
[EventRounds "6"]
[SourceTitle "Corr 2008"]
[Source "ChessBase"]
[SourceDate "2008.06.24"]
[SourceVersion "1"]
[SourceVersionDate "2008.06.24"]
[SourceQuality "1"]

1. e4 c5 2. Nf3 e6 3. d4 cxd4 4. Nxd4 Nf6 5. Nc3 Nc6 6. Ndb5 d6 7. Bf4 e5 8. Bg5 a6 9. Na3 b5 10. Bxf6 gxf6 11. Nd5 Bg7 12. c3 f5 13. exf5 Bxf5 14. Nc2 0-0 15. Nce3 Be6 16. Bd3 f5 17. 0-0 Ra7 18. a4 Ne7 19. Nxe7+ Rxe7 20. axb5 axb5 21. Bc2 d5 22. Bb3 f4 23. Nxd5 Rd7 24. Nb4 Rxd1 25. Bxe6+ Kh8 26. Rfxd1 Qe7 27. Bd5 e4 28. Nc6 Qe8 29. Nd4 Qg6 30. Ne6 f3 31. g3 Qf5 32. Kh1 Re8 33. Nxg7 Kxg7 34. g4 Qg5 35. Ra7+ Re7 36. Ra8 Qh4 37. Rg8+ Kf6 38. Rf8+ Kg5 39. Rg8+ Kf4 40. Rf8+ Kxg4 41. Rg1+ Kh5 42. Rfg8 Re5 43. R8g7 Kh6 44. Bg8 Re7 45. R7g4 Qxf2 0-1

[Event "IECG QM.2001.0.00036"]
[Site "IECG email"]
[Date "2001.07.28"]
[Round "?"]
[White "Spiridonov, Nick"]
[Black "Kampel, Guido"]
[Result "0-1"]
[WhiteElo "2096"]
[BlackElo "2316"]
[PlyCount "112"]
[EventDate "2001.07.28"]
[EventType "tourn (corr)"]
[EventRounds "6"]
[SourceTitle "Corr 2008"]
[Source "ChessBase"]
[SourceDate "2008.06.24"]
[SourceVersion "1"]
[SourceVersionDate "2008.06.24"]
[SourceQuality "1"]

1. e4 c5 2. Nf3 e6 3. d4 cxd4 4. Nxd4 Nf6 5. Nc3 Nc6 6. Bg5 Bb4 7. Ndb5 0-0 8. a3 Bxc3+ 9. Nxc3 d5 10. Bd3 h6 11. Bxf6 Qxf6 12. exd5 exd5 13. Nxd5 Qe5+ 14. Ne3 Qxb2 15. 0-0 Rd8 16. Qf3 Ne5 17. Qe4 Nxd3 18. cxd3 Qd4 19. Rfd1 Rb8 20. Rab1 b6 21. Rb4 Qxe4 22. Rxe4 Kf8 23. d4 Bb7 24. d5 Rbc8 25. Red4 Rc3 26. a4 Bc8 27. h3 Bd7 28. Ra1 Rdc8 29. Ra2 Rb3 30. Kf1 Rcc3 31. Nc2 Rd3 32. Ke2 Rxd4 33. Nxd4 Rb4 34. Nc6 Bxc6 35. dxc6 Rc4 36. Rd2 Rxc6 37. Rd7 Rc2+ 38. Ke3 a5 39. Rb7 Rb2 40. g3 Rb4 41. Rb8+ Ke7 42. Rb7+ Kf6 43. Kd3 g5 44. g4 Kg6 45. Rb8 f6 46. f3 h5 47. Ke3 h4 48. Rb7 f5 49. gxf5+ Kxf5 50. Rf7+ Ke5 51. Rb7 Rb3+ 52. Kf2 Kd4 53. Rd7+ Kc4 54. Rg7 Rb2+ 55. Ke3 Rg2 56. Rg6 b5 0-1

[Event "IECG CM.2000.0.00111"]
[Site "IECG email"]
[Date "2000.??.??"]
[Round "?"]
[White "Kampel, Guido"]
[Black "Bocanegra Moreno, Rufino"]
[Result "1/2-1/2"]
[WhiteElo "2100"]
[BlackElo "2489"]
[PlyCount "89"]
[EventDate "2000.06.30"]
[EventType "tourn (corr)"]
[EventRounds "6"]
[SourceTitle "Corr 2008"]
[Source "ChessBase"]
[SourceDate "2008.06.24"]
[SourceVersion "1"]
[SourceVersionDate "2008.06.24"]
[SourceQuality "1"]

1. e4 c5 2. Nc3 g6 3. g3 Bg7 4. Bg2 Nc6 5. d3 d6 6. f4 e6 7. Nf3 Nge7 8. 0-0 0-0 9. Be3 Nd4 10. Qd2 Rb8 11. Rae1 b6 12. Nd1 Nxf3+ 13. Bxf3 d5 14. c3 d4 15. Bf2 Bb7 16. g4 dxc3 17. bxc3 f5 18. h3 fxe4 19. Bxe4 Nd5 20. Bg3 Nxc3 21. Bxb7 Rxb7 22. Nxc3 Qd4+ 23. Kg2 Qxc3 24. Qxc3 Bxc3 25. Rxe6 Rd7 26. Rf3 Kf7 27. f5 gxf5 28. gxf5 Bf6 29. Be5 Bxe5 30. Rxe5 Rfd8 31. Rfe3 Rxd3 32. Re7+ Kf6 33. R3e6+ Kg5 34. f6 Rd2+ 35. Kf3 R8d3+ 36. Ke4 Rd4+ 37. Ke3 Rd1 38. h4+ Rxh4 39. f7 Re1+ 40. Kd2 Rf1 41. Rxa7 Rhf4 42. Rxb6 Rxf7 43. Rxf7 Rxf7 44. Rc6 Rf5 45. a4 1/2-1/2

[Event "IECG C1.1999.0.00215"]
[Site "IECG email"]
[Date "1999.06.03"]
[Round "?"]
[White "Kampel, Guido"]
[Black "Billen, Hans Juergen"]
[Result "1-0"]
[WhiteElo "2100"]
[BlackElo "1964"]
[PlyCount "85"]
[EventDate "1999.06.05"]
[EventType "tourn (corr)"]
[EventRounds "6"]
[SourceTitle "Corr 2008"]
[Source "ChessBase"]
[SourceDate "2008.06.24"]
[SourceVersion "1"]
[SourceVersionDate "2008.06.24"]
[SourceQuality "1"]

1. d4 Nf6 2. Nc3 d5 3. Bg5 Nbd7 4. Nf3 g6 5. e3 Bg7 6. Bd3 0-0 7. 0-0 c5 8. Re1 b6 9. e4 dxe4 10. Nxe4 Bb7 11. c3 cxd4 12. Nxd4 Nxe4 13. Bxe4 Bxe4 14. Rxe4 Nf6 15. Re2 Qc7 16. Qc2 Rad8 17. Rd1 Rd5 18. Nf3 Rfd8 19. Rxd5 Rxd5 20. c4 Rd7 21. b4 a6 22. h3 e6 23. Rd2 Rxd2 24. Bxd2 e5 25. c5 h6 26. Qc4 e4 27. Nd4 b5 28. Qc1 Nd5 29. Ne2 Kh7 30. a3 Qe5 31. Kf1 Qf6 32. Nf4 Ne7 33. Be3 Nc6 34. Nd5 Qe6 35. Qd2 Qe5 36. Kg1 Qa1+ 37. Qc1 Qa2 38. Nc7 Nd4 39. Kh1 Ne2 40. Qe1 Bc3 41. Qd1 Be5 42. Nd5 Qxa3 43. g3 1-0